MAASAI MARA UNIVERSITY

LIBRARY CATALOGUE

Contact Us: +254 020 2685356/7 or 0774 057787

Box: 861-20500, NAROK, KENYA

Email: info@mmarau.ac.ke

_Biology (Record no. 13684)

MARC details
000 -LEADER
fixed length control field 00442nam a2200169Ia 4500
008 - FIXED-LENGTH DATA ELEMENTS--GENERAL INFORMATION
fixed length control field 151021s9999 xx 000 0 und d
020 ## - INTERNATIONAL STANDARD BOOK NUMBER
International Standard Book Number 9.7805362425e+012
050 ## - LIBRARY OF CONGRESS CALL NUMBER
Classification number QH 308.2.C34 2009
245 ## - TITLE STATEMENT
Title _Biology
260 ## - PUBLICATION, DISTRIBUTION, ETC. (IMPRINT)
Place of publication, distribution, etc. USA custom publishing 2009
300 ## - PHYSICAL DESCRIPTION
Extent xlv,1267p;ill.
500 ## - GENERAL NOTE
General note Includes index
500 ## - GENERAL NOTE
General note Includes index
650 ## - SUBJECT ADDED ENTRY--TOPICAL TERM
Topical term or geographic name as entry element _biology
700 ## - ADDED ENTRY--PERSONAL NAME
Personal name _Jane B Reece
980 ## - EQUIVALENCE OR CROSS-REFERENCE-SERIES STATEMENT--PERSONAL NAME/TITLE [LOCAL, CANADA]
Personal name ^d20130523 02:40:53^oanne

No items available.

© 2016 Maasai Mara University.